[Event "Torneo Argentino"]
[Site "http://www.queenalice.com/game.php?id=158668"]
[Date "2007.1.24"]
[Round "1"]
[White "lea_dc"]
[Black "sergiogvh"]
[Result "0-1"]
[WhiteElo "1757"]
[BlackElo "2146"]

1. e4 e6 2. d4 d5 3. Nc3 Bb4 4. e5 c5 5. f4 Nc6 6. a3 Bxc3+ 7. bxc3 cxd4 8. cxd4
Qb6 9. Qg4 Nge7 10. Qxg7 Rg8 11. Qxh7 Qxd4 12. Rb1 Qc3+ 13. Bd2 Qxa3 14. Bb5
Rxg2 15. Ne2 Qc5 16. Bxc6+ bxc6 17. Rf1 Ba6 18. Qh8+ Ng8 19. Ng3 Kd7 20. Qg7
Qxc2 21. Qxf7+ Ne7 22. Rd1 Qe4+ 0-1

[Event "Challenge"]
[Site "http://www.queenalice.com/game.php?id=190686"]
[Date "2007.4.1"]
[Round "-"]
[White "Mike36bh"]
[Black "lea_dc"]
[Result "0-1"]
[WhiteElo "1730"]
[BlackElo "1787"]

1. d4 d5 2. Nc3 Nf6 3. Bf4 c6 4. Bxb8 Rxb8 5. h3 Bf5 6. Nf3 e6 7. a3 Bd6 8. e3
O-O 9. Bd3 Bxd3 10. Qxd3 c5 11. dxc5 Bxc5 12. b4 Bd6 13. O-O a6 14. e4 dxe4 15.
Nxe4 Nxe4 16. Qxe4 Qc7 17. Ng5 g6 18. Qh4 h5 19. Qe4 Be7 20. Nf3 Rfd8 21. Rac1
Rd5 22. c4 Rd6 23. c5 Rd5 24. a4 Rbd8 25. a5 Qd7 26. Ne5 Qe8 27. c6 bxc6 28.
Nxc6 R8d6 29. Ne5 Bf6 30. Nc4 Rd8 31. Ne3 Rd2 32. Qf4 Bg7 33. Rc7 R2d4 34. Qf3
Rxb4 35. Ra7 Rb5 36. Rxa6 Bc3 37. Nc4 Bb4 38. Ra7 Rd7 39. Ra8 Rd8 40. Rxd8 Qxd8
41. a6 Rb8 42. Qe3 Ra8 43. Ra1 Qc7 44. Qe4 Qb8 45. Qd4 Bf8 46. a7 Qc7 47. Nd2
Bg7 48. Qe4 Rxa7 49. Rxa7 Qxa7 50. Nc4 Qc7 51. Ne3 Be5 52. g3 Kf8 53. f4 Bg7 54.
Kg2 Qc3 55. Kf3 Bd4 56. g4 hxg4+ 57. hxg4 f5 58. gxf5 exf5 59. Qa8+ Kg7 60. Qb7+
Kh6 61. Qe7 Qxe3+ 62. Qxe3 Bxe3 63. Kxe3 Kh5 64. Kf3 Kh4 65. Ke3 Kg3 66. Kd4
Kxf4 67. Kd3 Kf3 68. Kd4 g5 69. Ke5 f4 70. Kf5 g4 71. Kg5 g3 0-1

[Event "Torneo Argentino"]
[Site "http://www.queenalice.com/game.php?id=216195"]
[Date "2007.5.25"]
[Round "2"]
[White "lea_dc"]
[Black "jagvg"]
[Result "1-0"]
[WhiteElo "1794"]
[BlackElo "1923"]

1. e4 c6 2. d4 d5 3. Nc3 dxe4 4. Nxe4 Nd7 5. Qe2 Ndf6 6. Bf4 Nxe4 7. Qxe4 Nf6 8.
Qd3 Be6 9. Nf3 Qb6 10. Be2 Qxb2 11. O-O Bxa2 12. c4 e6 13. Rfe1 Bb4 14. Bd2 Bxc4
15. Qxc4 Bxd2 16. Reb1 Qc3 17. Qxc3 Bxc3 18. Ra3 Nd5 19. Rxb7 a5 20. Ne5 Bxd4
21. Nxc6 Bc3 22. Bb5 Kf8 23. Bc4 Rd8 24. Nxd8 Ke8 25. Bxd5 exd5 26. Rxc3 d4 27.
Rc8 1-0

[Event "AUTO-ADV-364"]
[Site "http://www.queenalice.com/game.php?id=217623"]
[Date "2007.5.28"]
[Round "2"]
[White "Pato"]
[Black "lea_dc"]
[Result "1-0"]
[WhiteElo "2016"]
[BlackElo "1801"]

1. e4 c5 2. d4 cxd4 3. c3 dxc3 4. Bc4 d6 5. Nf3 Nf6 6. Nxc3 Nc6 7. e5 dxe5 8.
Qxd8+ Nxd8 9. Nxe5 e6 10. Nb5 Bb4+ 11. Ke2 O-O 12. a3 Ba5 13. b4 Bb6 14. Rd1 a6
15. Nd6 Bc7 16. Be3 Ne8 17. Nxc8 Rxc8 18. Nd7 Nd6 19. Nxf8 Nxc4 20. Nd7 Nxe3 21.
fxe3 Nc6 22. Nc5 Bxh2 23. Nxb7 Kf8 24. Rac1 Be5 25. Rc4 Ke7 26. Rdc1 Kd7 27.
Nc5+ 1-0

[Event "AUTO-ADV-364"]
[Site "http://www.queenalice.com/game.php?id=217624"]
[Date "2007.5.28"]
[Round "2"]
[White "lea_dc"]
[Black "Pato"]
[Result "0-1"]
[WhiteElo "1797"]
[BlackElo "1955"]

1. e4 Nc6 2. d4 e5 3. dxe5 Nxe5 4. Nf3 Ng6 5. Bc4 Nf6 6. Ng5 d5 7. exd5 Bd6 8.
O-O O-O 9. Nc3 a6 10. Be3 Ng4 11. Nf3 Nh4 12. Nxh4 Bxh2+ 13. Kh1 Qxh4 14. g3
Bxg3+ 15. Kg2 Nxe3+ 16. fxe3 Qh3+ 17. Kf3 Bg4+ 0-1

[Event "AUTO-OPEN-737"]
[Site "http://www.queenalice.com/game.php?id=238813"]
[Date "2007.7.12"]
[Round "1"]
[White "fbn"]
[Black "lea_dc"]
[Result "0-1"]
[WhiteElo "1628"]
[BlackElo "1807"]

1. e4 c5 2. Bc4 Nc6 3. Qf3 Ne5 4. Qc3 Nxc4 5. Qxc4 e6 6. Nf3 d5 7. exd5 exd5 8.
Qb5+ Qd7 9. Qxd7+ Bxd7 10. O-O Be7 11. d4 b6 12. Nbd2 Nf6 13. Re1 Be6 14. dxc5
bxc5 15. c3 O-O 16. a3 Rab8 17. b4 cxb4 18. cxb4 Rfc8 19. Nb3 Kf8 20. Nbd4 Bg4
21. Ne5 Bh5 22. Nec6 Rb7 23. Na5 Rbc7 24. Bf4 Rc3 25. f3 Bd8 26. Nb7 Bb6 27.
Rad1 Rxa3 28. Kh1 Bg6 29. Nb5 Ra2 30. N7d6 Rcc2 31. Be3 Bxe3 32. Rxe3 Rxg2 0-1

[Event "AUTO-OPEN-737"]
[Site "http://www.queenalice.com/game.php?id=238814"]
[Date "2007.7.12"]
[Round "1"]
[White "lea_dc"]
[Black "fbn"]
[Result "1-0"]
[WhiteElo "1802"]
[BlackElo "1539"]

1. e4 e5 2. Nf3 d6 3. d4 Bg4 4. dxe5 Bxf3 5. Qxf3 dxe5 6. Bc4 Qf6 7. Qb3 b6 8.
O-O c6 9. Nc3 Nd7 10. Ne2 h6 11. f4 Qe7 12. Be3 b5 13. Bd3 a6 14. fxe5 Nxe5 15.
Bf4 c5 16. c4 b4 17. Bxe5 Qxe5 18. Qa4+ Ke7 19. Rf5 Qd6 20. Raf1 f6 21. Rd5 Qc7
22. Nf4 Rh7 23. e5 fxe5 24. Ng6+ Ke6 25. Nxf8+ 1-0

[Event "AUTO-OPEN-737"]
[Site "http://www.queenalice.com/game.php?id=238839"]
[Date "2007.7.12"]
[Round "1"]
[White "POTTER15"]
[Black "lea_dc"]
[Result "1-0"]
[WhiteElo "2001"]
[BlackElo "1810"]

1. d4 d5 2. Nf3 Nf6 3. c4 e6 4. e3 Nbd7 5. Nc3 Be7 6. cxd5 exd5 7. Bd3 O-O 8.
O-O c6 9. Qc2 h6 10. a4 b6 11. Bd2 c5 12. g3 Bb7 13. a5 Re8 14. Bf5 Bf8 15. Qa4
g6 16. a6 Bc8 17. Qc6 gxf5 18. Qxa8 Qc7 19. Nb5 Qd8 20. Nxa7 1-0

[Event "AUTO-OPEN-737"]
[Site "http://www.queenalice.com/game.php?id=238840"]
[Date "2007.7.12"]
[Round "1"]
[White "lea_dc"]
[Black "POTTER15"]
[Result "0-1"]
[WhiteElo "1819"]
[BlackElo "1992"]

1. e4 c5 2. Nf3 Nc6 3. d4 cxd4 4. Nxd4 g6 5. Nc3 Bg7 6. Be3 Nf6 7. Be2 O-O 8.
Qd2 d5 9. exd5 Nxd5 10. Nxd5 Qxd5 11. c3 Nxd4 12. Bxd4 Qxg2 13. O-O-O Rd8 14.
Qe3 Bxd4 15. cxd4 Bf5 16. Qxe7 Rac8+ 17. Kd2 Rxd4+ 18. Ke3 Re4+ 0-1

[Event "AUTO-ADV-653"]
[Site "http://www.queenalice.com/game.php?id=273617"]
[Date "2007.9.18"]
[Round "1"]
[White "stoyan1"]
[Black "lea_dc"]
[Result "0-1"]
[WhiteElo "1789"]
[BlackElo "1809"]

1. e4 c5 2. Nf3 d6 3. d4 cxd4 4. Qxd4 Nc6 5. Bb5 Nf6 6. e5 Nd7 7. exd6 Nxd4 8.
Nxd4 a6 9. dxe7 Bxe7 10. Bxd7+ Bxd7 11. Be3 O-O 12. Nc3 Bf6 13. O-O b5 14. Rad1
Qc8 15. Nce2 Rd8 16. c3 Bg4 17. f3 Be6 18. Nf4 Bxa2 19. Ra1 Bc4 20. Rfd1 Re8 21.
Bf2 Bxd4 22. Rxd4 Qf5 23. g4 Qe5 24. Bg3 Qe3+ 25. Kg2 Rad8 26. Re1 Rxd4 27. Rxe3
Rxe3 0-1

[Event "AUTO-ADV-653"]
[Site "http://www.queenalice.com/game.php?id=273618"]
[Date "2007.9.18"]
[Round "1"]
[White "lea_dc"]
[Black "stoyan1"]
[Result "1/2-1/2"]
[WhiteElo "1878"]
[BlackElo "1892"]

1. e4 e5 2. Nf3 Qf6 3. Nc3 c6 4. d4 exd4 5. Nxd4 Bc5 6. Be3 Bb4 7. Qd2 Bxc3 8.
Qxc3 Ne7 9. O-O-O d5 10. Bd3 O-O 11. f4 Bg4 12. Rdg1 dxe4 13. Bxe4 Nd5 14. Bxd5
cxd5 15. h3 Bd7 16. g4 Nc6 17. g5 Qe7 18. h4 Nxd4 19. Bxd4 g6 20. Bc5 Qe4 21.
Bxf8 Qxf4+ 22. Kb1 Rxf8 23. h5 gxh5 24. Rxh5 Rc8 25. Qe1 Bf5 26. Rf1 Qe4 27.
Qxe4 Bxe4 28. Rf2 Bg6 29. Rh4 Kg7 30. Rd4 Be4 31. Kc1 Rc4 32. Rxc4 dxc4 33. Rf4
Bd5 34. Rd4 Be6 35. Kd2 Kg6 36. b3 cxb3 37. axb3 Kxg5 38. c4 h5 39. Ke3 h4 40.
b4 f5 41. b5 a5 42. c5 Bc8 43. c6 bxc6 44. bxc6 Kh5 45. c7 Kg5 46. Rd8 Be6 47.
c8=Q Bxc8 48. Rxc8 Kg4 49. Rg8+ Kh3 50. Rg5 a4 51. Rxf5 a3 52. Ra5 Kg2 53. Rxa3
h3 54. Ra2+ Kg3 55. Ra8 Kg2 56. Rg8+ Kh1 57. Kf3 h2 58. Kg3 Kg1 59. Ra8 h1=N+
60. Kf3 Kh2 61. Ra2+ Kh3 62. Ra1 Kh2 63. Rb1 Ng3 64. Rb2+ Kh3 65. Rb8 Kh4 66.
Rh8+ Nh5 67. Ra8 Kg5 68. Ra5+ Kg6 69. Kg4 Nf6+ 70. Kf4 Kf7 71. Kf5 Nd7 72. Ra7
Ke7 73. Rb7 Kd6 74. Ra7 Nc5 1/2-1/2

[Event "AUTO-ADV-653"]
[Site "http://www.queenalice.com/game.php?id=273631"]
[Date "2007.9.18"]
[Round "1"]
[White "lea_dc"]
[Black "guzanito"]
[Result "0-1"]
[WhiteElo "1816"]
[BlackElo "2045"]

1. e4 e5 2. Nf3 Nc6 3. Bb5 Nd4 4. Nxd4 exd4 5. d3 Bc5 6. O-O Ne7 7. Nd2 O-O 8.
f4 c6 9. Ba4 d5 10. exd5 Nxd5 11. Nf3 Bg4 12. h3 Ne3 13. Bxe3 dxe3 14. Qe2 Be6
15. Bb3 Bxb3 16. axb3 Re8 17. Kh1 Qf6 18. c3 Qxf4 19. Rae1 Bd6 20. d4 Re6 21.
Ne5 Qg3 22. Qxe3 Bxe5 23. dxe5 Qxe3 24. Rxe3 Rae8 25. Rfe1 f6 26. g4 Rxe5 27.
Rxe5 Rxe5 28. Rxe5 fxe5 29. Kg2 Kf7 30. Kf3 Ke6 31. Ke4 g5 32. b4 b6 33. c4 a6
0-1

[Event "AUTO-ADV-653"]
[Site "http://www.queenalice.com/game.php?id=273632"]
[Date "2007.9.18"]
[Round "1"]
[White "guzanito"]
[Black "lea_dc"]
[Result "1-0"]
[WhiteElo "2034"]
[BlackElo "1824"]

1. e4 e5 2. Nf3 Nc6 3. Bc4 Be7 4. c3 Nf6 5. O-O d5 6. exd5 Nxd5 7. Bb5 Bd7 8.
Bxc6 Bxc6 9. Nxe5 Bd7 10. Qf3 Be6 11. d4 O-O 12. Nd2 Bf6 13. Nd3 g6 14. Ne4 Bg7
15. c4 Ne7 16. d5 Bf5 17. Bg5 h6 18. Be3 c6 19. d6 Bxe4 20. dxe7 Qxe7 21. Qe2
Bxd3 22. Qxd3 Rad8 23. Qc2 Rfe8 24. Rad1 Qb4 25. b3 Qe7 26. Rxd8 Rxd8 27. Bxa7
Qd7 28. Be3 Kh7 29. h3 Qd3 30. Qxd3 Rxd3 31. Rc1 b5 32. Rc2 Be5 33. Kf1 Bd6 34.
cxb5 cxb5 35. Rd2 Rxd2 36. Bxd2 Kg7 37. a4 bxa4 38. bxa4 h5 39. a5 1-0

[Event "AUTO-ADV-653"]
[Site "http://www.queenalice.com/game.php?id=273633"]
[Date "2007.9.18"]
[Round "1"]
[White "lea_dc"]
[Black "Parma"]
[Result "1-0"]
[WhiteElo "1816"]
[BlackElo "1961"]

1. e4 c5 2. Nf3 Nc6 3. d4 cxd4 4. Nxd4 e5 5. Nf5 d6 6. Ne3 Nf6 7. Nc3 Be7 8. Bc4
O-O 9. O-O a6 10. Ned5 Nxd5 11. Nxd5 Be6 12. Be3 Bxd5 13. Bxd5 Rc8 14. c3 b5 15.
Qf3 Bf6 16. Rad1 Qc7 17. Rd2 Ne7 18. Bb3 Nc6 19. Rfd1 Rcd8 20. Qg3 Kh8 21. h4
Qe7 22. h5 h6 23. Bc2 Bg5 24. Bxg5 Qxg5 25. Qxg5 hxg5 26. Rxd6 Rxd6 27. Rxd6 Nb8
28. Bb3 f6 29. Kf1 1-0

[Event "AUTO-ADV-653"]
[Site "http://www.queenalice.com/game.php?id=273634"]
[Date "2007.9.18"]
[Round "1"]
[White "Parma"]
[Black "lea_dc"]
[Result "0-1"]
[WhiteElo "1939"]
[BlackElo "1838"]

1. d4 d5 2. c4 e6 3. e3 Nf6 4. Nf3 Nbd7 5. Nc3 Be7 6. Bd3 O-O 7. O-O dxc4 8.
Bxc4 c6 9. a4 Nd5 10. Bd2 Qc7 11. e4 Nxc3 12. Bxc3 c5 13. d5 exd5 14. exd5 Bf6
15. Bxf6 Nxf6 16. Qb3 Bg4 17. h3 Bh5 18. Rfe1 Rfe8 19. Bb5 Rxe1+ 20. Nxe1 Rd8
21. Bc4 b6 22. f3 Bg6 23. Rd1 Ne8 24. Qc3 Nd6 25. b3 f6 26. Nc2 Bf7 27. Na3 Qd7
0-1